|
|
|
|
| LEADER |
01541nam a22003257a 4500 |
| 001 |
37667 |
| 003 |
BD-DhAAL |
| 005 |
20250423154608.0 |
| 008 |
220208t2021 bg a|||| b||| 00| 0 eng d |
| 040 |
|
|
|a BD-DhAAL
|
| 082 |
|
|
|2 23
|a 614.592414
|
| 100 |
|
|
|a Rahman, Mustafizur
|9 45579
|
| 245 |
|
|
|a COVID-19 and employment related adjustments :
|b findings from household survey in Bangladesh /
|c Mustafizur Rahman ... [et al.].
|
| 260 |
|
|
|a Dhaka :
|b Centre for Policy Dialogue (CPD),
|c c2021
|
| 300 |
|
|
|a xx, 74 pages :
|b Color illustrations ;
|c 22 cm.
|
| 500 |
|
|
|a Financial support by European Union
|
| 504 |
|
|
|a Including bibliographical references (Pages 71-74)
|
| 541 |
|
|
|a Gift from Centre for Policy Dialogue (CPD)
|e 37667, 37691
|
| 650 |
|
|
|a COVID-19 (Disease).
|9 45580
|
| 650 |
|
|
|a COVID-19 Pandemic, 2020
|x Social aspects.
|9 45593
|
| 700 |
|
|
|a Khan, Towfiqul Islam
|9 45581
|
| 700 |
|
|
|a Kamal, Muntaseer
|9 45582
|
| 700 |
|
|
|a Alam, Marfia
|9 45583
|
| 700 |
|
|
|a Hossain, Sabbir Md.
|9 45584
|
| 700 |
|
|
|a Nawshin Nawar
|9 45585
|
| 852 |
|
|
|a Ayesha Abed Library
|c General Stacks
|
| 942 |
|
|
|2 ddc
|c BK
|
| 999 |
|
|
|c 43467
|d 43467
|
| 952 |
|
|
|0 0
|1 0
|2 ddc
|4 0
|6 614_592414000000000_COV
|7 0
|9 69734
|a BRACUL
|b BRACUL
|c GEN
|d 2022-02-08
|e Gift from Centre for Policy Dialogue (CPD)
|l 0
|o 614.592414 COV
|p 3010037667
|r 2022-02-08
|t 1
|w 2022-02-08
|y BK
|
| 952 |
|
|
|0 0
|1 0
|2 ddc
|4 0
|6 614_592414000000000_COV
|7 0
|9 69761
|a BRACUL
|b BRACUL
|c GEN
|d 2022-02-13
|e Gift from Centre for Policy Dialogue (CPD)
|l 1
|o 614.592414 COV
|p 3010037691
|r 2024-11-04
|s 2024-10-30
|t 1
|w 2022-02-13
|y BK
|